|
|
|
|
| LEADER |
00953nam a2200253 a 4500 |
| 001 |
3165362 |
| 008 |
091019s1974 enka b 000 0 eng d |
| 010 |
|
|
|a 75302086
|
| 020 |
|
|
|a 0582641101
|
| 020 |
|
|
|a 058264111X
|
| 040 |
|
|
|a DLC
|c DLC
|d DLC
|
| 082 |
0 |
0 |
|a 330.9/172/4
|2 18
|
| 100 |
1 |
|
|a Onyemelukwe, C. C.
|q (Clement Chukwukadibia)
|
| 245 |
1 |
0 |
|a Economic underdevelopment :
|b an inside view /
|c C. C. Onyemelukwe.
|
| 260 |
|
|
|a London :
|b Longman,
|c 1974.
|
| 300 |
|
|
|a [4], 123 p. :
|b ill. ;
|c 22 cm.
|
| 504 |
|
|
|a Includes bibliographical references.
|
| 541 |
1 |
|
|e 00000107
|
| 651 |
|
0 |
|a Developing countries
|x Economic conditions.
|
| 651 |
|
0 |
|a Developing countries
|x Economic policy.
|
| 650 |
|
0 |
|a Economic development.
|
| 852 |
4 |
|
|a Ayesha Abed Library
|j General Shelf
|
| 999 |
|
|
|c 5055
|d 5055
|
| 952 |
|
|
|0 0
|1 0
|2 ddc
|4 0
|6 330_917240000000000_ONY_1974
|7 0
|9 4890
|a BRACUL
|b BRACUL
|c GEN
|d 2009-11-03
|g 211.50
|l 0
|o 330.91724 ONY
|p 3010000107
|r 2009-11-03
|t 1
|w 2009-11-03
|y BK
|